000 00632nam a22001815i 4500
001 48149
003 ES-MaACL
005 20230906161713.0
007 t|
008 950707s1869 fr ||||1| fre d
040 _aCAM
_bspa
_cCAM
100 1 _aChanning, Williams Ellery.
_937978
245 1 0 _aOeuvres sociales de Channing /
_ctraduction francaise, précédé d'un essai sur sa vie et sa doctrine... par Edouard Laboulaye.
260 _aParis :
_bCharpentier et Cie,
_c1869 (
_fSimon Racon et Comp.)
300 _a[4], XLIV, 388 p. ;
_c18 cm.
700 1 _aLaboulaye, Édouard (
_d1811-1883)
_969262
852 _aES-MaACL
_jF-13308
999 _c48149
_d48149